000 00602nam a2200229Ia 4500
003 OSt
005 20220916111047.0
006 a|||||r|||| 00| 0
007 ta
008 220915b |||||||| |||| 00| 0 eng d
024 _a245363
037 _cTextbook
040 _beng
_aARTS
_cARTS
041 _aeng
082 _aO111,3'N35<-M20, H6
100 _aJepson R. W.
245 0 _aNew and old essays 1820 - 1935
260 _aLondon
_bLongmans Green and Co. UK
300 _a256p.
_ccm.
942 _hO111,3'N35<-M20, H6
_cTB
_2CC
999 _c104799
_d104799